=LDR 00000nam 2200000 4500 =001 INLIS000000000037490 =005 20200217065003 =035 ##$$a 0010-061300000037490 =008 200217################g##########0#ind## =041 ##$$a Ind =082 ##$$a 158.1 =090 ##$$a 158.1, Can c =100 ##$$a Canfield, Jack =245 1#$$a Chicken soup for the soul : $b Menyingkap rahasia mewujudan cita-cita Kisah-kisah inspiratif, prinsip-prinsip dahsyat, dan teknik-teknik paktis untuk membantu mewujudkan keinginan /$c Jack canfield, Mark viktor hansen; Alih bahasa, Alex tri kantjono widodo =260 ##$$a Jakarta :$b gramedia pustaka utama,$c 2010 =300 ##$$a Xviii,445 hlm : $b Ilus ; $c 13,5 x20 Cm =650 #4$$a Sukses Pribadi (Psikologi) =700 #$$a Hansen, Mark Victor =850 ##$$a NBPNMAT =020 ##$$a 978-979-22-5891-2 =084 ##$$a 158.1 CAN c =500 ##$$a Judul asli : Chicken soup for the soul unlocking the secret to living your dreams =990 ##$$a 21400613/BPAP-NTB/20142014 =990 ##$$a 0001/BPAP-NTB/20142014 =990 ##$$a 0001/BPAP-NTB/20142014 =990 ##$$a 21104002/Pb- 2011 =990 ##$$a 21400613/BPAP-NTB/20142014 =990 ##$$a 0001/BPAP-NTB/20142014 =990 ##$$a 0001/BPAP-NTB/20142014 =990 ##$$a 21400613/BPAP-NTB/20142014 =990 ##$$a 21104002/Pb- 2011 =990 ##$$a 21400613/BPAP-NTB/20142014 =990 ##$$a 21104002/Pb- 2011 =990 ##$$a 0001/BPAP-NTB/20142014